| 000 | 00391nam a22001337a 4500 | ||
|---|---|---|---|
| 003 | OSt | ||
| 008 | 150420b xxu||||| |||| 00| 0 eng d | ||
| 100 | 1 | _aTorre, David R. | |
| 041 | _aeng | ||
| 245 | 1 | 0 | _a1996 Specialized Catalog of U.S. Non-pictorial Waterfowl Stamps |
| 300 | _a0 pages | ||
| 650 | 0 | _aCatalogs and Price Lists, United States, Topical Collecting, Birds | |
| 650 | 0 | _a- Book Review | |
| 999 |
_c1327 _d1327 |
||